Modern-Day Countries Which are Empires - Statistics

General Stats
  • This quiz has been taken 43 times
    39 since last reset
  • The average score is 15 of 19
Answer Stats
Subjects Type Answer % Correct
22 Republics, 46 Provinces, 14 Territories Asymmetric Federation Russian Federation
100%
13 Regions, 13 Territories Unitary Republic French Republic
97%
47 Prefectures Unitary Monarchy Japanese State
97%
28 Provinces, ~5 Territories Unitary Republic People's Republic of China
97%
4 Countries, 3 Dependencies, 14 Territories Unitary Monarchy United Kingdom of Great Britain and Northern Ireland
97%
50 States, 14 Territories Federal Republic United States of America
97%
10 Provinces, 3 Territories Federal Republic Canada
83%
5 Regions, 2 Territories Unitary Monarchy Kingdom of Denmark
83%
15 Counties, 5 Territories Unitary Monarchy Kingdom of Norway
83%
4 Countries, 12 Provinces, 3 Territories Unitary Monarchy Kingdom of the Netherlands
83%
6 States, 10 Territories Federal Republic Commonwealth of Australia
80%
15 Communities, 4 Territories Unitary Monarchy Kingdom of Spain
80%
16 Regions, 4 Territories Unitary Monarchy New Zealand
80%
28 States, 8 Territories Federal Republic Republic of India
80%
18 Districts, 2 Territories Unitary Republic Portuguese Republic
77%
23 Provinces, 1 Territory Federal Republic Argentine Republic
70%
36 Provinces, 3 Territories Unitary Republic Republic of Indonesia
70%
16 Regions, 3 Territories Unitary Republic Republic of Chile
60%
20 Provinces, 1 Territory Unitary Monarchy Independent State of Papua New Guinea
23%
No matching quizzes found
Score Distribution
Percent of People with Each Score
Percentile by Number Answered
Your Score History
You have not taken this quiz since the last reset